REENGINEERING the public service : leadership and change in an electronic age

Bibliographic Details
Other Authors: Muhammad Rais Abdul Karim
Format: Book
Published: Subang Jaya, Selangor : Pelanduk Pub. , 1999
Subjects:

MARC

LEADER 00000cam a2200000 7i4500
001 0000000018
005 20000622.0
020 0 0 |a 9679787052 
090 0 0 |a 352.6309595   |b REE 1999 
245 0 0 |a REENGINEERING the public service :   |b leadership and change in an electronic age   |c edited by Muhammad Rais Abdul Karim 
260 0 0 |a Subang Jaya, Selangor :   |b Pelanduk Pub. ,   |c 1999 
300 |a 403 p. ;   |c 22 cm. 
650 0 0 |a Civil service ethics   |z Malaysia 
650 0 0 |a Civil service reform   |z Malaysia 
650 0 0 |a Privatization   |z Malaysia 
650 0 0 |a Reengineering (Management)   |z Malaysia 
700 0 1 |a Muhammad Rais Abdul Karim 
999 |a 0000001235   |b Monograph   |c Open Shelf   |e Default branch 
999 |a 0000001236   |b Monograph   |c Open Shelf   |e Default branch